Pamiatková obnova a adaptácia Hellovho domu v Banskej Štiavnici

Salvato in:
Dettagli Bibliografici
Autore principale: Borošová, Viktória (Autore)
Altri autori: Terao Vošková, Katarína (Relatore della tesi)
Natura: Manoscritto Libro
Lingua:slovacco
Pubblicazione: Bratislava 2021
Soggetti:
Accesso online:http://is.stuba.sk/zp/portal_zp.pl?podrobnosti=160393
Tags: Aggiungi Tag
Nessun Tag, puoi essere il primo ad aggiungerne!!

MARC

LEADER 00000ntm a22000003a 4500
001 stuzp83914
003 SK-STU
005 20220215134048.4
007 ta
008 150427s2015----xo-----f-mn---000-0-slo-d
040 |a STU  |b slo 
041 0 |a slo 
100 1 |a Borošová, Viktória  |u 053130  |4 aut  |U FAD Fakulta architektúry a dizajnu  |T FAD Ústav dejín a teórie architektúry a obnovy pamiatok  |X 82285  |U A3130  |Y 394  |7 82285 
242 0 1 |a Adaptation and Monuments´ Conservation of the "Hell house" in Banská Štiavnica  |y eng 
245 1 0 |a Pamiatková obnova a adaptácia Hellovho domu v Banskej Štiavnici 
260 |c 2021  |a Bratislava 
650 4 |a hotel  |2 slo 
650 4 |a hostinec  |2 slo 
650 4 |a pamiatková zóna  |2 slo 
650 4 |a coworking  |2 slo 
650 4 |a hotel  |2 eng 
650 4 |a monument zone  |2 eng 
650 4 |a co-working  |2 eng 
700 1 |a Terao Vošková, Katarína  |u 053130  |k Z2  |4 ths  |U FAD Fakulta architektúry a dizajnu  |T FAD Ústav dejín a teórie architektúry a obnovy pamiatok  |X 38058  |U A3130  |Y 394  |7 A000038058 
856 4 |u http://is.stuba.sk/zp/portal_zp.pl?podrobnosti=160393  |u https://opac.crzp.sk/?fn=detailBiblioForm&sid=0C216CD716E182230C2E0DAAC853